Adhesion in a vacuum environment and its implications for dust mitigation techniques on airless bodies /

Bibliographic Details
Main Authors: Berkebile, Stephen (Author), Gaier, James R. (Author)
Corporate Author: International Conference on Environmental Systems
Format: Government Document Conference Proceeding eBook
Language:English
Published: Cleveland, Ohio : National Aeronautics and Space Administration, Glenn Research Center, 2012.
Series:NASA technical memorandum ; 2012-217723.
Subjects:
Online Access:https://purl.fdlp.gov/GPO/gpo33007

MARC

Tag First Indicator Second Indicator Subfields
LEADER 00000cam a2200000Ii 4500
001 in00002813021
005 20211120170757.0
006 m o d f
007 cr cn|||||||||
008 130114s2012 ohua obt f000 0 eng d
035 |a (OCoLC)ocn824140133 
040 |a GPO  |b eng  |e rda  |c GPO  |d MvI  |d UtOrBLW 
049 |a WWW 
074 |a 0830-D (online) 
086 0 |a NAS 1.15:2012-217723 
100 1 |a Berkebile, Stephen,  |e author. 
245 1 0 |a Adhesion in a vacuum environment and its implications for dust mitigation techniques on airless bodies /  |c Stephen Berkebile and James R. Gaier. 
264 1 |a Cleveland, Ohio :  |b National Aeronautics and Space Administration, Glenn Research Center,  |c 2012. 
300 |a 1 online resource (10 pages) :  |b color illustrations. 
336 |a text  |b txt  |2 rdacontent 
337 |a computer  |b c  |2 rdamedia 
338 |a online resource  |b cr  |2 rdacarrier 
490 1 |a NASA/TM ;  |v 2012-217723 
500 |a Title from title screen (viewed on Jan. 14, 2013). 
500 |a "Prepared for the 42nd International Conference on Environmental Systems sponsored by the American Institute for Aeronautics and Astronautics San Diego, California, July 15-19, 2012." 
500 |a "September 2012." 
504 |a Includes bibliographical references (page 10). 
536 |a Sponsored by National Aeronautics and Space Administration  |h WBS 780896.04.06.02.03 
536 |e E-18434 
500 |a "AIAA-2012-3465." 
650 7 |a Temperature control.  |2 nasat 
650 7 |a Surface energy.  |2 nasat 
650 7 |a Adhesion.  |2 nasat 
650 7 |a Dust.  |2 nasat 
650 7 |a Charge transfer.  |2 nasat 
650 7 |a Control surfaces.  |2 nasat 
700 1 |a Gaier, James R.,  |e author. 
710 2 |a NASA Glenn Research Center,  |e issuing body. 
711 2 |a International Conference on Environmental Systems  |n (42nd :  |d 2012 :  |c San Diego, Calif.) 
830 0 |a NASA technical memorandum ;  |v 2012-217723. 
856 4 0 |u https://purl.fdlp.gov/GPO/gpo33007  |t 0 
999 |a MARS 
999 f f |s 0f8549f8-1233-369e-a3b8-47e3b49031c6  |i ef478d4b-ecd8-3d1d-b7d6-2dee416f38fc  |t 0 
952 f f |a Texas A&M University  |b College Station  |c Electronic Resources  |d Available Online  |t 0  |e NAS 1.15:2012-217723  |h Superintendent of Documents classification 
998 f f |a NAS 1.15:2012-217723  |t 0  |l Available Online